000 00869nam a2200253Ia 4500
003 OSt
005 20221005113549.0
006 a|||||r|||| 00| 0
007 ta
008 221004b |||||||| |||| 00| 0 pan d
020 _a9789387629660 (hbk)
_cINR 275.00
024 _a44882
037 _b1066, 22/02/2019, H.K. Prakashan
_cTextual
040 _aCRL
_cCRL
_bpan
041 _2pan
_apan
082 _aO153w, Q8
100 _aਲੋਕ ਨਾਥ, ਂਚ.
245 0 _aਹਨੇਰੀ ਰਾਤ ਚ ਬਲਦਾ ਚਿਰਾਫ਼
260 _aਲੁੁਧਿਆਨਾ
_bਚੇਤਨਾ ਪ੍ਰਕਾFਨ ਭਾਰਤ
_c2018
300 _a183ਪ੍ਰ0
_ccm.
650 _aਪੰਜਾਬੀ ਸਾਹਿਤ
942 _hO153w, Q8
_cTEXL
_2cc
999 _c1028593
_d1028593